[Event "Bogota Centro Comercial op 2nd"]
[Site "Bogota"]
[Date "2024.04.14"]
[Round "4"]
[White "Agudelo Guevara, Juan Sebastian"]
[Black "Castillo, Samir"]
[Result "0-1"]
[WhiteElo "1492"]
[BlackElo "1818"]
[PlyCount "62"]
[EventDate "2024.04.14"]
[EventType "swiss"]
[EventRounds "7"]
[EventCountry "COL"]
[SourceTitle "CB16_2024"]
[SourceDate "2024.04.17"]
[SourceVersion "1"]
[SourceVersionDate "2024.04.17"]
[SourceQuality "1"]

1. e4 e5 2. Nf3 Nc6 3. Bc4 Nf6 4. d3 Bc5 5. Nc3 a6 6. 0-0 d6 7. Bg5 h6 8. Bxf6 Qxf6 9. Nd5 Qd8 10. h3 g5 11. Nh2 Be6 12. Qf3 Bxd5 13. Bxd5 Qd7 14. c3 0-0-0 15. Qxf7 Qxf7 16. Bxf7 h5 17. b4 Ba7 18. Kh1 Rdf8 19. Be6+ Kd8 20. f3 Ne7 21. c4 Bd4 22. Rac1 Ng6 23. c5 Nf4 24. Bc4 Ne2 25. g4 hxg4 26. hxg4 Nxc1 27. Rxc1 Rxf3 28. cxd6 Rf2 29. dxc7+ Ke7 30. Kg1 Rfxh2+ 31. Kf1 Rf2+ 0-1